| 000 | 00673nam a2200217 a 4500 | ||
|---|---|---|---|
| 005 | 20241030063734.0 | ||
| 008 | 181106s2008 mx r 000 0 spa d | ||
| 020 | _a9706289348 | ||
| 035 | _aUPN01000227585 | ||
| 049 | _aCG | ||
| 050 | 4 |
_aHG3916 _bC3.8 |
|
| 100 | 1 |
_aCanales Cerón, Alejandro Isidoro _941106 |
|
| 245 | 1 | 0 |
_aVivir del norte : _bremesas, desarrollo y pobreza en México / _cAlejandro I. Canales. |
| 260 |
_aMéxico : _bCONAPO, _c2008. |
||
| 300 |
_a318 p. : _bgráfs., cuadros, mapas |
||
| 440 | 0 | _aTemas de migración | |
| 650 | 2 |
_aRemesas de emigrantes _zMéxico _923790 |
|
| 650 | 0 |
_aPobreza _zMéxico _91688 |
|
| 905 | _aLibro | ||
| 999 |
_c199680 _d199680 |
||